000 00646cam a22001817a 4500
020 _a9251053839 (v. 1)
020 _a9789251067208 (v. 2)
040 _cIBT
082 0 0 _a594 FOO 2005 A082 Or.
245 0 0 _aCephalopods of the world :
_ban annotated and illustrated catalogue of cephalopod species known to date /
260 _aRome :
_bFood and Agriculture Organization of the United Nations,
_c2005-<2010>
300 _av. <1-2>
_bill. (some col.), maps (some col.) ;
_c30 cm.
650 0 _aCephalopoda.
700 1 _aJereb, P.
700 1 _aRoper, Clyde F. E.,
856 4 1 _uhttp://www.fao.org/docrep/009/a0150e/a0150e00.htm
942 _cEK
999 _c15934
_d15934